Managerial Economics (Record no. 257144)

MARC details
000 -LEADER
fixed length control field 00387pam a2200181a 44500
008 - FIXED-LENGTH DATA ELEMENTS--GENERAL INFORMATION
fixed length control field 230405s2006 xxu||||| |||| 00| 0 eng d
041 ## - LANGUAGE CODE
Language code of text/sound track or separate title ENG
100 ## - MAIN ENTRY--PERSONAL NAME
Personal name C H Petersen
245 ## - TITLE STATEMENT
Title Managerial Economics
250 ## - EDITION STATEMENT
Edition statement 1
260 ## - PUBLICATION, DISTRIBUTION, ETC.
Place of publication, distribution, etc.
Name of publisher, distributor, etc. Pearson
Date of publication, distribution, etc. 2006
300 ## - PHYSICAL DESCRIPTION
Extent 622p,23cms
440 ## - SERIES STATEMENT/ADDED ENTRY--TITLE
Title 425
690 ## - LOCAL SUBJECT ADDED ENTRY--TOPICAL TERM (OCLC, RLIN)
Topical term or geographic name as entry element IMRDA
700 ## - ADDED ENTRY--PERSONAL NAME
Personal name W C Lewis
700 ## - ADDED ENTRY--PERSONAL NAME
Personal name S K Jain
906 ## - LOCAL DATA ELEMENT F, LDF (RLIN)
a 4285
Holdings
Withdrawn status Lost status Damaged status Not for loan Collection Home library Current library Date acquired Total Checkouts Barcode Date last seen Price effective from Koha item type
          Institute of Management & Rural Development Administration, Sangli Institute of Management & Rural Development Administration, Sangli 21/09/2010   RDS-8658 14/04/2023 14/04/2023 Book
          Institute of Management & Rural Development Administration, Sangli Institute of Management & Rural Development Administration, Sangli 21/09/2010   RDS-8657 14/04/2023 14/04/2023 Book
          Institute of Management & Rural Development Administration, Sangli Institute of Management & Rural Development Administration, Sangli 21/09/2010   RDS-8656 14/04/2023 14/04/2023 Book
          Institute of Management & Rural Development Administration, Sangli Institute of Management & Rural Development Administration, Sangli 21/09/2010   RDS-8655 14/04/2023 14/04/2023 Book
          Institute of Management & Rural Development Administration, Sangli Institute of Management & Rural Development Administration, Sangli 21/09/2010   RDS-8654 14/04/2023 14/04/2023 Book